A review of manual minelaying (Record no. 546425)
[ view plain ]
| 000 -LEADER | |
|---|---|
| fixed length control field | 00431nam a22001337a 4500 |
| 082 ## - DEWEY DECIMAL CLASSIFICATION NUMBER | |
| Classification number | 622 |
| Author Mark | KAN |
| 100 ## - MAIN ENTRY--PERSONAL NAME | |
| Personal name | Lieutenant Colonel Muhammad Sherbaz Khan, Kanwar |
| 9 (RLIN) | 42545 |
| 245 ## - TITLE STATEMENT | |
| Title | A review of manual minelaying |
| Statement of responsibility, etc. | Lieutenant Colonel Kanwar Muhammad Sherbaz Khan |
| 260 ## - PUBLICATION, DISTRIBUTION, ETC. | |
| Place of publication, distribution, etc. | Sialkot, Pakistan |
| Name of publisher, distributor, etc. | 2 Engineer Battalian |
| Date of publication, distribution, etc. | 1989 |
| 300 ## - PHYSICAL DESCRIPTION | |
| Extent | 17.p: |
| 526 ## - STUDY PROGRAM INFORMATION NOTE | |
| Program name | 0 |
| Interest level | 0 |
| Reading level | 0 |
| Title point value | 622_000000000000000_KAN |
| 650 ## - SUBJECT ADDED ENTRY--TOPICAL TERM | |
| Topical term or geographic name entry element | MCE |
| 9 (RLIN) | 379 |
| 942 ## - ADDED ENTRY ELEMENTS (KOHA) | |
| Source of classification or shelving scheme | |
| Koha item type | Book |
| Withdrawn status | Lost status | Source of classification or shelving scheme | Damaged status | Not for loan | Permanent Location | Current Location | Date acquired | Total Checkouts | Full call number | Barcode | Date last seen | Price effective from | Koha item type |
|---|---|---|---|---|---|---|---|---|---|---|---|---|---|
| Military College of Engineering (MCE) | Military College of Engineering (MCE) | 06/12/2014 | 622 KAN | MCE-44460 | 06/12/2014 | 06/12/2014 | Book |
